000 00198nam a2200097Ia 4500
008 190216s9999||||xx |||||||||||||| ||und||
100 _aCherukad
245 0 _aKodumkat
260 _bNull
942 _cBK
999 _c23603
_d23603